[Event "Rio de Janeiro Amador Memorial"]
[Site "Rio de Janeiro"]
[Date "2001.06.30"]
[Round "1"]
[White "Cardoso, Carlos Borges"]
[Black "Ramos, Angelo Bil"]
[Result "1-0"]
[WhiteElo "2179"]
[BlackElo "2152"]
[PlyCount "97"]
[EventDate "2001.06.23"]
[EventType "tourn"]
[EventRounds "7"]
[EventCountry "BRA"]
[SourceTitle "EXT 2007"]
[Source "ChessBase"]
[SourceDate "2006.11.23"]
[SourceVersion "1"]
[SourceVersionDate "2006.11.23"]
[SourceQuality "1"]

1. e4 c5 2. Nf3 d6 3. d4 cxd4 4. Nxd4 Nf6 5. Nc3 a6 6. Be2 e6 7. f4 Qc7 8. 0-0 Be7 9. Be3 Nc6 10. g4 b5 11. g5 Nd7 12. Nb3 Bb7 13. f5 0-0-0 14. fxe6 fxe6 15. Bg4 Nce5 16. Bxe6 Rhf8 17. Qe2 Kb8 18. Nd5 Qc4 19. Qxc4 Nxc4 20. Bf4 Bxd5 21. Bxd5 Nde5 22. Nd4 Rd7 23. b3 Nb6 24. Bxe5 Nxd5 25. Rxf8+ Bxf8 26. Bg3 Ne3 27. Re1 Ng4 28. Rf1 Be7 29. Rf7 Kc8 30. Rxg7 Bd8 31. Rxd7 Kxd7 32. h4 Bb6 33. c3 b4 34. Be1 Ne5 35. Kg2 Nd3 36. Bd2 bxc3 37. Bxc3 Nf4+ 38. Kf3 Nd3 39. Ne2 Ke8 40. Kg4 Kf7 41. Kf5 Be3 42. h5 Nc5 43. g6+ hxg6+ 44. hxg6+ Kg8 45. Bd4 Bh6 46. Bxc5 dxc5 47. e5 Kf8 48. Nc3 Bg7 49. Ne4 1-0

[Event "Rio de Janeiro-ch Carioca"]
[Site "Rio de Janeiro"]
[Date "1986.05.22"]
[Round "3"]
[White "Cardoso, Carlos Borges"]
[Black "Araujo, Claudio Torres"]
[Result "1-0"]
[WhiteElo "1914"]
[BlackElo "1763"]
[PlyCount "63"]
[EventDate "1986.05.17"]
[EventType "swiss"]
[EventRounds "9"]
[EventCountry "BRA"]
[SourceTitle "EXT 2007"]
[Source "ChessBase"]
[SourceDate "2006.11.23"]
[SourceVersion "1"]
[SourceVersionDate "2006.11.23"]
[SourceQuality "1"]

1. e4 c5 2. Nf3 Nc6 3. d4 cxd4 4. Nxd4 e6 5. Nc3 a6 6. g3 Qc7 7. Bg2 Nf6 8. 0-0 Be7 9. b3 0-0 10. Bb2 Rd8 11. Nce2 Nxd4 12. Nxd4 d5 13. exd5 Nxd5 14. c4 Nf6 15. Qe2 Bc5 16. Rad1 e5 17. Nf3 Rxd1 18. Qxd1 e4 19. Ng5 e3 20. Bxf6 exf2+ 21. Kh1 gxf6 22. Ne4 Be7 23. Rxf2 f5 24. Nc3 Bc5 25. Nd5 Qd6 26. Rd2 Kg7 27. Nf4 Qe7 28. Rd8 Bb6 29. Nh5+ Kh6 30. Rg8 f4 31. Nxf4 Qe5 32. Nd5 1-0

[Event "Rio de Janeiro-ch Carioca"]
[Site "Rio de Janeiro"]
[Date "1986.05.20"]
[Round "2"]
[White "Toth, Christian Endre"]
[Black "Cardoso, Carlos Borges"]
[Result "1-0"]
[WhiteElo "2112"]
[BlackElo "1914"]
[PlyCount "83"]
[EventDate "1986.05.17"]
[EventType "swiss"]
[EventRounds "9"]
[EventCountry "BRA"]
[SourceTitle "EXT 2007"]
[Source "ChessBase"]
[SourceDate "2006.11.23"]
[SourceVersion "1"]
[SourceVersionDate "2006.11.23"]
[SourceQuality "1"]

1. d4 Nf6 2. Nf3 g6 3. Nc3 d5 4. Bf4 Bg7 5. e3 Nh5 6. Be5 f6 7. Bg3 Nxg3 8. hxg3 c6 9. e4 e6 10. Bd3 0-0 11. Qe2 Na6 12. a3 b5 13. 0-0 Nc7 14. e5 f5 15. a4 a6 16. a5 Qe7 17. Qe3 Bd7 18. Ne2 h6 19. Nd2 g5 20. Nb3 Be8 21. Nc5 Bh5 22. f3 Rf7 23. b4 Raf8 24. Qd2 Rb8 25. Kf2 Bf8 26. Rh1 Bg6 27. Rh2 Rh7 28. c3 Qg7 29. Re1 Be7 30. Qc2 Rf8 31. g4 h5 32. gxf5 exf5 33. Ng3 Bxc5 34. Nxf5 Bxf5 35. Bxf5 Be7 36. Bxh7+ Qxh7 37. Qxh7+ Kxh7 38. Rxh5+ Kg6 39. Reh1 Ne6 40. Rh7 Ng7 41. R1h6+ Kf7 42. e6+ 1-0

[Event "Rio de Janeiro-ch Absoluto 85"]
[Site "Rio de Janeiro"]
[Date "1986.01.25"]
[Round "7"]
[White "Donato Rodriguez, Luiz Carlos"]
[Black "Cardoso, Carlos Borges"]
[Result "0-1"]
[WhiteElo "1787"]
[BlackElo "1899"]
[PlyCount "126"]
[EventDate "1986.01.04"]
[EventType "swiss"]
[EventRounds "9"]
[EventCountry "BRA"]
[SourceTitle "EXT 2007"]
[Source "ChessBase"]
[SourceDate "2006.11.23"]
[SourceVersion "1"]
[SourceVersionDate "2006.11.23"]
[SourceQuality "1"]

1. d4 Nf6 2. Bg5 d5 3. Nf3 Nbd7 4. Nbd2 e6 5. e3 Be7 6. Bd3 0-0 7. c3 b6 8. Qc2 Bb7 9. 0-0 c5 10. Rfe1 Rc8 11. Nf1 Ne4 12. Bf4 g5 13. Bg3 h5 14. h3 h4 15. Bh2 f5 16. Bxe4 dxe4 17. Ne5 Nxe5 18. Bxe5 Qd7 19. Qe2 Bf6 20. Bxf6 Rxf6 21. Rad1 c4 22. Nh2 b5 23. Rf1 Rcf8 24. f4 Qg7 25. Rd2 Qh6 26. Qf2 Rg6 27. fxg5 Qxg5 28. Qf4 Rf7 29. Qxg5 Rxg5 30. Rf4 Rh7 31. Rdf2 Bd5 32. Nf1 Kf8 33. Nh2 Ke7 34. Nf1 Kd6 35. a3 a5 36. Nd2 Rg8 37. Kh2 Rb8 38. g4 hxg3+ 39. Kxg3 Rg8+ 40. Kh2 Rgh8 41. h4 Rxh4+ 42. Rxh4 Rxh4+ 43. Kg1 f4 44. Nf1 f3 45. Ng3 Rh8 46. Rh2 Rg8 47. Kf2 b4 48. axb4 axb4 49. Rh4 b3 50. Rh1 Ra8 51. Rg1 Ra2 52. Rb1 e5 53. Ke1 Ke6 54. Kd2 exd4 55. cxd4 Ra8 56. Nh5 Rh8 57. Nf4+ Kd6 58. Kc3 Rh2 59. Rf1 Bf7 60. Rb1 Rc2+ 61. Kb4 c3 62. bxc3 b2 63. Ka3 f2 0-1